| 000 | 00765nam a2200253 i 4500 | ||
|---|---|---|---|
| 001 | 105435 | ||
| 003 | ES-MaACL | ||
| 005 | 20240515063055.0 | ||
| 007 | t| | ||
| 008 | 060711s1942 mx ||||0| spa d | ||
| 040 |
_aM-BN _bspa _cM-BN |
||
| 080 | _a316.2 Oppenheimer, Franz | ||
| 100 | 1 |
_aAyala, Francisco, _d1906-2009 _924111 |
|
| 245 | 1 | 0 |
_aOppenheimer / _cFrancisco Ayala. |
| 250 | _a1ª ed. | ||
| 260 |
_aMéxico : _bFondo de Cultura Económica, _c1942. |
||
| 300 |
_a208 p ; _c22 cm. |
||
| 490 | 1 | _aGrandes sociólogos modernos | |
| 500 | _aBiblioteca Juan Andrade. | ||
| 600 | 1 | 4 |
_aOppenheimer, Franz. _987135 |
| 830 | 0 |
_aGrandes sociólogos modernos _9186670 |
|
| 852 |
_aES-MaACL _jAND-230 _bR.109550 |
||
| 999 |
_c105435 _d105435 |
||